Central Library OPAC University of Rajshahi

Social research; strategy and tactics / (Record no. 34877)

MARC details
000 -LEADER
fixed length control field 00698nam a22002291 4500
001 - CONTROL NUMBER
control field 34877
003 - CONTROL NUMBER IDENTIFIER
rucl marc code BD-RjUL
005 - DATE AND TIME OF LATEST TRANSACTION
control field 20211209052226.0
008 - FIXED-LENGTH DATA ELEMENTS--GENERAL INFORMATION
fixed length control field 140519r19701966nyua b 00110 eng d
035 ## - SYSTEM CONTROL NUMBER
System control number (BD-RjUL)34971
040 ## - CATALOGING SOURCE
Original cataloging agency DLC
Language of cataloging eng
Transcribing agency DLC
Modifying agency BD-RjUL
041 ## - LANGUAGE CODE
Language code of text/sound track or separate title eng
082 00 - DEWEY DECIMAL CLASSIFICATION NUMBER
Classification number 300.18
Author mark and year PHS 1970
100 1# - MAIN ENTRY--PERSONAL NAME
Personal name Phillips, Bernard S.
9 (RLIN) 100888
245 10 - TITLE STATEMENT
Title Social research; strategy and tactics /
Statement of responsibility, etc. by Bernard S. Phillips.
260 ## - PUBLICATION, DISTRIBUTION, ETC. (IMPRINT)
Place of publication, distribution, etc. New York :
Name of publisher, distributor, etc. Macmillan,
Date of publication, distribution, etc. 1966 [reprinted 1970].
300 ## - PHYSICAL DESCRIPTION
Pagination xii, 336 p. :
Illustrations ill. ;
Size 24 cm.
504 ## - BIBLIOGRAPHY, ETC. NOTE
Bibliography, etc Includes bibliographical references and index.
650 #0 - SUBJECT ADDED ENTRY--TOPICAL TERM
Topical term or geographic name as entry element Social sciences
General subdivision Research.
9 (RLIN) 106171
942 ## - ADDED ENTRY ELEMENTS (KOHA)
Source of classification or shelving scheme Dewey Decimal Classification
Koha item type Books
Holdings
Lost status Source of classification or shelving scheme Damaged status Not for loan Collection code Permanent Location Current Location Shelving location Date acquired Source of acquisition Cost, normal purchase price Total Checkouts Full call number Date last seen Copy number Koha item type
  Dewey Decimal Classification   Not For Loan Non-fiction Central Library, University of Rajshahi Central Library, University of Rajshahi Reading Room 06/09/1972 Sweets & Zeitlinger 3.90   300.18 PHS 1970 19/05/2014 C-1 Books
  Dewey Decimal Classification     Non-fiction Central Library, University of Rajshahi Central Library, University of Rajshahi   06/09/1972 Sweets & Zeitlinger 3.90   300.18 PHS 1970 19/05/2014 C-2 Books
  Dewey Decimal Classification     Non-fiction Central Library, University of Rajshahi Central Library, University of Rajshahi   06/09/1972 Sweets & Zeitlinger 3.90   300.18 PHS 1970 19/05/2014 C-3 Books